000 00591nam a22001937a 4500
003 OSt
005 20150408113919.0
008 110914t xxu||||| |||| 00| 0 eng d
020 _a0194366707
040 _amu
_beng
_cmb
082 _221
_a428.24 L S N
100 _a Soars, liz
_94535
245 _aNew headway English course elementary
_bworkbook without key
_cLiz Soars, John Soars - 2000
260 _aOxford‏,
_bOxford University Press‏,
_c2000
300 _a144 P.
650 _aEnglish language .
_xTextbooks for foreign speakers.
_94536
700 _aJOHN
942 _2ddc
_cBOOK
999 _c14383
_d248883